000
00304nam a22001337a 4500
008
181015b xxu||||| |||| 00| 0 eng d
020
_a
9780195122657
041
_a
eng
080
_a
370
100
_a
49
101
_a
EDU
245
_a
The Oxford Handbook Of Memory
_c
Tulving.E
942
_2
udc
_c
BK
999
_c
49789
_d
49789